000 00322nam a2200133Ia 4500
008 191201s1968 xx 000 0 und d
100 _aZWORYKIN,Laval Fx
245 0 _aColumbia Viking Desk Encyclopedia
250 _a3rd
260 _aNew York
_bViking press
_c1968
300 _a1202
650 _aApplied
942 _2ddc
_cBK
999 _c631
_d631